| 000 | 00644nam a2200229 a 4500 | ||
|---|---|---|---|
| 005 | 20210219152944.0 | ||
| 008 | 991125n 000 0 spa u | ||
| 035 | _aUPN01000068733 | ||
| 100 | _aFILMUS, Daniel | ||
| 222 | _aREVISTA IBEROAMERICANA DE EDUCACION | ||
| 245 | _aConcertación educativa y gobernabilidad democrática en América Latina | ||
| 300 | _a11-30 | ||
| 362 | _a1996 No. 12, may.-ago. | ||
| 653 | 0 | _aAMERICA LATINA | |
| 653 | 0 | _aCRISIS EDUCATIVA | |
| 653 | 0 | _aDEMOCRACIA | |
| 653 | 0 | _aGOBERNABILIDAD | |
| 653 | 0 | _aPOLITICA EDUCATIVA | |
| 653 | 0 | _aREFORMA EDUCATIVA | |
| 904 |
_aAC _b006544 |
||
| 905 | _aArticulo | ||
| 999 |
_c64698 _d64698 |
||